| 000 | 00505nam a2200193Ia 4500 | ||
|---|---|---|---|
| 005 | 20240619112144.0 | ||
| 008 | 131103s9999 xx 000 0 und d | ||
| 040 | _aLoreto College | ||
| 041 | _aEnglish | ||
| 082 |
_a613 _bMAR |
||
| 100 | _aMartin, Ethel Austin | ||
| 245 |
_aNutrition in action _cEthel Austin Martin |
||
| 260 |
_aLondon _bHolt,Rinehart and winston _c1964 |
||
| 300 |
_axi,298p. _b graph |
||
| 504 | _aIncludes index | ||
| 650 | _aHealth & hygiene | ||
| 850 | _aLCBED | ||
| 942 | _cBK | ||
| 999 |
_c30124 _d80603 |
||